LEADER 01127nam0-22003611i-450 001 990001711660403321 005 20191017135227.0 035 $a000171166 035 $aFED01000171166 035 $a(Aleph)000171166FED01 035 $a000171166 100 $a20030910g19791982km-y0itay50------ba 101 0 $acze 102 $aCS 200 1 $aAnatomia avium domesticarum$fVladimir Komarek, [Lubomir Malinovsky, Leo Lemez] 210 $aBratislava$cPriroda$d1979-1982 215 $a3 v.$d28 cm 304 $aI volumi 2 e 3 hanno come coautori anche Lubomir Malinovsky e Leo Lemez 610 0 $aAnatomia veterinaria 610 0 $aUccelli 676 $a636.5$v23$zita 700 1$aKomaker,$bVladimir$0354974 701 1$aMalinovsky,$bLubomir$0767757 701 1$aLemez,$bLeo$0767758 801 0$aIT$bUNINA$gRICA$2UNIMARC 901 $aBK 912 $a990001711660403321 952 $a60 FM 636.5 KOMV-1 1979$b48829$fFAGBC 952 $a60 FM 636.5 KOMV-2 1982$b48830$fFAGBC 952 $a60 FM 636.5 KOMV-3 1982$b48831$fFAGBC 959 $aFAGBC 996 $aAnatomia avium domesticarum$91563423 997 $aUNINA LEADER 00889nam0-22003131i-450 001 990003059220403321 005 20221215102511.0 100 $a20000920d1958----km-y0itay50------ba 101 1 $aeng 102 $aNL 200 1 $aEconomic forecasts and policy$fHenri Theil$gAssisted by J.S. Cramer, H. Moerman, A. Russchen. 210 $aAmsterdam$cNorth-Holland$d1958 215 $axxxi, 562 p.$cill.$d23 cm 225 1 $aContributions to economic analysis$v15 610 0 $aEconometria 610 0 $aPrevisioni 676 $aB/3.2 676 $aF/2.5 702 1$aTheil,$bHenri$f<1924-2000> 801 0$aIT$bUNINA$gRICA$2UNIMARC 901 $aBK 912 $a990003059220403321 952 $aF/2.5 THE$b014067$fSES 952 $aXV C 45 (15)$b55485$fFGBC 959 $aSES 959 $aFGBC 996 $aEconomic forecasts and policy$9465290 997 $aUNINA DB $aING01 LEADER 02788nam 2200649Ia 450 001 9910961792303321 005 20200520144314.0 010 $a9786611892555 010 $a9781281892553 010 $a1281892556 010 $a9781846428456 010 $a1846428459 035 $a(CKB)1000000000549986 035 $a(EBL)366688 035 $a(OCoLC)437234327 035 $a(SSID)ssj0000290607 035 $a(PQKBManifestationID)11232731 035 $a(PQKBTitleCode)TC0000290607 035 $a(PQKBWorkID)10410524 035 $a(PQKB)10010887 035 $a(MiAaPQ)EBC366688 035 $a(Au-PeEL)EBL366688 035 $a(CaPaEBR)ebr10257016 035 $a(CaONFJC)MIL189255 035 $a(Perlego)951605 035 $a(EXLCZ)991000000000549986 100 $a20080404d2009 uy 0 101 0 $aeng 135 $aur|n|---||||| 181 $ctxt 182 $cc 183 $acr 200 00$aBulimics on bulimia /$fEdited by Maria Stavrou 205 $a1st ed. 210 $aLondon ;$aPhiladelphia $cJessica Kingsley$d2009 215 $a1 online resource (162 p.) 300 $aDescription based upon print version of record. 311 08$a9781843106685 311 08$a184310668X 327 $aBulimics on Bulimia; Contents; ACKNOWLEDGEMENTS; Introduction; 1. Binging and Purging to Stay Alive; 2. There Goes Alice Down the Hole; 3. Living with Diabulimia; 4. Surrounded by People but Completely Alone; 5. Running Away but Going Nowhere; 6. A Love of Athletics; 7. Recovery or What Passes for Normal; 8. High-functioning Superwoman; 9. The Hardest partis Wanting to Recover; 10. Diagnostic Labels and Sexual Abuse; 11. College plus Eating Disorder Equals...; 12. Not Good Enough; 13. An Addictive Personality, Food and Alcohol; 14. Confession to My Roommate, A Day in My Life 327 $a15. Becoming Bankrupt and Losing Everything I Had16. I Want to Be Like You; 17. Sex, Lies and Hedonism; 18. The Lesbian Bulimic Mafia; 19. Diets Don't Work, Bulimia Does; FURTHER READING 330 $aThe book looks at people who are living with the disorder, shedding new light on the day-to-day struggle of coping with bulimia. It challenges the stereotypical image of the bulimic teenage girl, revealing that it affects a far wider range of people, and dispelling the myth that bingeing involves only food and purging involves only vomiting. 606 $aBulimia 606 $aEating disorders 615 0$aBulimia. 615 0$aEating disorders. 676 $a362.25 676 $a616.85 676 $a616.85263 701 $aStavrou$b Maria$01813930 801 0$bMiAaPQ 801 1$bMiAaPQ 801 2$bMiAaPQ 906 $aBOOK 912 $a9910961792303321 996 $aBulimics on bulimia$94367453 997 $aUNINA